| 000 | 00512pab a2200181 454500 | ||
|---|---|---|---|
| 008 | 180718b2005 xxu||||| |||| 00| 0 eng d | ||
| 100 | _aKo, Dong-Gil | ||
| 245 | _aAntecedents of knowledge transfer from consultants to clients in enterprise system implementations | ||
| 260 | _c2005 | ||
| 300 | _ap.59-85. | ||
| 362 | _aMar | ||
| 650 | _aInformation technology | ||
| 650 | _aKnowledge management | ||
| 700 | _aKing, William R. | ||
| 700 | _aKirsch, Laurie J. | ||
| 773 | _aMIS Quarterly | ||
| 909 | _a65933 | ||
| 999 |
_c65933 _d65933 |
||